000 01757nam a2200217 i 4500
001 172970
003 ES-MaACL
005 20250803064231.0
008 090925q18881899sp |||| | spa d
100 1 _aRodríguez, Gabriel,
_d1829-1901
_998243
245 1 0 _aColección de melodías para canto y piano [
_hMúsica anotada].
260 _aBarcelona :
_bJuan Bta. Pujol,
_c[entre 1888 y 1899]
300 _a1 partitura (127 p.) ;
_c31 cm.
505 8 _aContiene: Melodías con letra italiana: Pietá / letra de Luigi Carrer ; L'ultimo dono / letra de Redaeli ; Mezza notte ; Il ritorno ; Lontan da te ; Sempre ; Il dolce bacio / letra de Luigi Carrer ; La foglia / letra de G. Leopardi ; Pasa la nave mia / letra de J. Carducci ; L'infinito / letra de G. Leopardi -- Con letra francesa: L'alouette ; La folle ; Mon coeur ; La fleur d'un jour ; Extase ; Nuit de Juin ; Serenade ; Quia pulvis es / letra de Victor Hugo -- Con letra alemana: Ständchen ; Die Kapelle / letra de Ludwig Uhland -- Con letra española: En el otoño ; Sol de ma vida / V. Balaguer -- La muerte de la niña, elegías de V. Ruiz de Aguilera: El llanto ; Plegaria ; La muerte de la niña ; Desesperación ; El saboyano ; Resignación -- Rimas de G. Bécquer: Si al merecer las azules campanillas ; Olas gigantes ; Asomaba a sus ojos una lágrima ; Eras el huracán ; Hoy como ayer
530 _aDisponible en formato digital.
600 1 4 _aBécquer, Gustavo Adolfo,
_d1836-1870.
_tRimas-
_xAdaptaciones musicales
_9174138
650 4 _aCanciones con piano.
_9141417
852 4 _aES-MaACL
_jT-1238-F-5
_z- Firma de Gabriel Rodríguez en cub.
856 4 _uhttp://bdh-rd.bne.es/viewer.vm?id=0000073224&page=1
_zBiblioteca Digital Hispánica
999 _c172970
_d172970